00662nam a2200193Ia 4500008004100000020001500041082001400056100001800070245008900088250000700177260003700184300002800221500000700249600002100256650005000277942000700327952011900334999001500453240925s9999 xx 000 0 und d a1850582173 a006.6 TYL aTyler, Andrew 0aReal Time 3D Graphics for the Atari Stapractical guide to 68000 assemble programming aNA aLondon:bSag Publicationc,1991. axiv,585p.bNAfOriginal aNA aComputer Science aComputer science, information & general works cBK 001040708CSaUITUbUITUd1997-01-28eUIT Fruit Canadal0o006.6 TYLpQ1366r2024-09-25 07:12:24w2024-09-25yBK c3865d3865